Guess the Balkan song by text Part 1 - Statistics

General Stats
  • This quiz has been taken 111 times
  • The average score is 6 of 30
Answer Stats
Text Song % Correct
Pa samo čuješ (Skrrr), po par dana
I samo čuješ (Skrrr), ona opet s nama
I samo čuješ (Ne), ona neće s vama
S tobom suva, pored mene je fontana (Prrr, prrr)
Nucci - Bebo 2
75%
A ući će u Audija, da ljubi me i da mi uvija
Ja umirem - ona me ubija
Napravio bih sranje zbog tih butina...
Devito - Marina
49%
Snimim stori bacim flex Snimam skida donji veš... Petrov - Rari
45%
Hoda na deset centi grijeha, gleda k'o da je p'jana Nema tek 20 ljeta, crna dama s Balkana... Buba Corelli - Opasno
39%
Ta crna stakla kriju tajne, ali znam da vidiš sve Dok pokazujem ti, 'ajde, priđi i ne stidi se... Rasta - AMGVSQ7AUDI
34%
Krvave ruke na papiru Ne smem da pogledam šta pišu Tužne note na klaviru što podsećaju na kišu Klinac - Kisa
32%
Kada interventna se šunja kroz noć utrčim u prolaz, al' brzo će doćAko nagaze me, ja uvenuću skroz jer čizma boli kô po trnju kad hodaš bos... Seksi x Lacku - Honey(RMX)
28%
Nakon škole uš'o na fejs da se javim "Ćao bebo, mala reci kad da ti ga stavim" Kad sam saznao u kom pičkovcu živi Skontao sam da trebaju viza i papiri Baka Prase - Prvi seks
24%
Dok on u Gucci duksu mrvi kush i puši buksnu
Niko neće suze, je, niko neće ubrus
Lamborghini Urus, ovde niko neće u bus...
Elena - Psh Psh
21%
Ulazi u klub, podij gazi TN
Cili klub je gleda, njoj imponira
Klubom šeta bahato ka' bodyguard...
Grse - SIP
21%
Pravim se slijep, al' ruke žele na njene obline Grmi k'o BMW, spreman da legnem na te krivine... Jala Brat - Restart
21%
Lanac i sat, na njima bleje dijamanti Braća se sad svađaju ko će da plati... Relja Torinno x Popovska - Kokakola
21%
Slike u glavi, na umu inicijali U mraku njene oči plave kao lacijali... Corona - Zero
20%
Pleši mala, bara puna para
Noć je luda, iz gepeka vadim kalaš
Pleši mala, bara puna para
Ja sam kriminalac, to si dobro znala...
Tara - Tako mi imena
18%
Jedan mi zvoni, drugi mi zvoni, jedan mi Nokia, drugi mi Sony Neko prisluškuje, možda su oni, a možda je mala da mi kaže da me voli... Sajfer - Kokaina(remix)
16%
Večeras potpuna distopija i to totalno me opija
Zašto otvaram ti profil i zašto kopka me ta Škorpija?
Znam da znamo se već dugo, otkud odjednom onda to
Da ložimo se jedno na drugo?...
Kendi x Relja - Pistolj
15%
Gleda me kô ogledalo i veruje da u meni vidi sebeSanja mene kako njega sanjam briše me kao mrak svetlost dana... Edita - Egomanija
13%
Pijem i kad mi je muka, sam se sebi gadim
Vidim svoje lice u čaši dok tugujem za njom
Nema kraja ovoj flaši, ja već dotakô sam dno...
Henny x Popov - Mama nemoj pitati
11%
A ja punim sada sef, dijamant Sierra Igram tekmu jako k'o Primera Perverzija - Bilzerian Pablo
11%
Hladno-toplo je konstantno da postaje interesantnoTu si došao sa bandom veče postaje riskantno... Breskvica - Lutka
9%
Oči su ti tako hladne, u njima je zima
Na taj pogled lako padnem, poželim da te imam
U sobi od nikotina, koža od karmina
A sutra andiamo (O-o-o)...
Relja - Kraj je
9%
Mogô sam na Kembridž, ali postao sam sevidž Grajndujem taj kebidž pa pokečapim vam sendvič... Fox - Surim bika
8%
Za deset te čekam, kreni bez fona i javi ovamo da prošli suBelo vino u lososu, fuljama evri u nosu su... Seksi x Mimi Mercedes - Dajive komi
8%
Jetlag, visoko smo kao nebo A ti plus podižeš mi ego Dođi da mi greješ moje telo I zato uvek budi tu Zera - Iz subote u petak
6%
Oko mene moja braća noćas slave nemoj da me pitaš što, zašto lutam svaku noć pijan vozim skupa kola... Djexon x Coja x Lacku - Kidam kako vozim
5%
Zbog tebe opet
Noći mi mirišu na problem
A sa mnom znaš da neće biti bolje
Al' plesala bi đavo kad pozove, opet...
Edita x Rimski - Zbog tebe
5%
Bina hoteli, moteli, često se selim bezbeli
Sa mnom bi htjeli vreli modeli kao Hally Bari
Seri, seri ali ne možeš kontrati meni
Konkurenciju pomeli, pobjeđujem relly ko Toma Jerry...
Frenkie i Buba Corelli
5%
Bitna je snaga, a bitna je i tehnika
Bitne su pare, sve bitno je, jebiga
Jake konekcije, jaka genetika
U gaćama panjevi, trčim, atletika...
Igor Buzov x Los Sin x Cunami - Noci
3%
Dok Bereta ne servira svoj prekoručni
I nak'a starka navija na pendžeru
Pobij gamad Bera Power Rangeru...
Stoposto x Black Beriz - Joja i Bera ustali malo ranije da zavrse nesto
3%
Ti si top-topčina, prava mo-momčina, nisi lopovčina, al' si lovčina
S tobom sve što vidim - uveličaću
S tobom sta preživela sam - deci pričaću...
Devito x Indodjija - GTA
1%
No matching quizzes found
Score Distribution
Percent of People with Each Score
Percentile by Number Answered
Your Score History
You have not taken this quiz